Vytváranie dokumentov za behu pre adaptívne aplikácie

Gespeichert in:
Bibliographische Detailangaben
1. Verfasser: Nepšinský, Martin, 1986- (Verfasst von)
Weitere Verfasser: Andrejko, Anton, 1980- (Betreuung Doktorarbeit)
Format: Manuskript Buch
Sprache:Slowakisch
Veröffentlicht: STU v Bratislave FIIT, 2009
Schlagworte:
Tags: Tag hinzufügen
Keine Tags, Fügen Sie das erste Tag hinzu!

MARC

LEADER 00000ntm a22000003a 4500
001 stu191592
005 20180417124337.1
008 091006s2009----xo------------------slo-d
040 |a STU  |b slo 
041 0 |a slo 
044 |a xo 
100 1 |a Nepšinský, Martin,  |d 1986-  |4 aut  |u I200  |U FIIT Fakulta informatiky a informačných technológií  |T FIIT Ústav informatiky a softvérového inžinierstva  |X 21972  |U I200  |Y 179  |7 A000021972 
245 1 |a Vytváranie dokumentov za behu pre adaptívne aplikácie 
260 |b STU v Bratislave FIIT,  |c 2009 
300 |a 87 s  |c príl. 
650 7 |a softvérové inžinierstvo  |2 stusub 
700 1 |a Andrejko, Anton,  |d 1980-  |4 ths  |u I200  |U FIIT Fakulta informatiky a informačných technológií  |T FIIT Ústav informatiky a softvérového inžinierstva  |X 4400  |U I200  |Y 179  |7 4400 
996 |c I*DP73/09  |l II680  |s P  |a 0  |w stu191592_0001